[Event "Rumburk op"]
[Site "Rumburk"]
[Date "2005.07.10"]
[Round "9"]
[White "Bores, Roman"]
[Black "Saburov, Vladimir"]
[Result "1-0"]
[WhiteElo "2202"]
[BlackElo "1860"]
[PlyCount "136"]
[EventDate "2005.07.04"]
[EventType "swiss"]
[EventRounds "9"]
[EventCountry "CZE"]
[SourceTitle "EXT 2007"]
[Source "ChessBase"]
[SourceDate "2006.11.23"]
[SourceVersion "1"]
[SourceVersionDate "2006.11.23"]
[SourceQuality "1"]

1. e4 c5 2. Nf3 e6 3. d4 cxd4 4. Nxd4 Nc6 5. Nc3 Qc7 6. Be3 Nf6 7. Bd3 Bb4 8. 0-0 Nxd4 9. Bxd4 e5 10. Nb5 Qb8 11. a3 Be7 12. Be3 d6 13. Bg5 Bd7 14. Nc3 0-0 15. f4 Bc6 16. fxe5 dxe5 17. Bxf6 gxf6 18. Nd5 Qd6 19. Qh5 Kh8 20. Nxe7 Qxe7 21. Qh6 f5 22. Rxf5 Bd7 23. Qf6+ Qxf6 24. Rxf6 Be6 25. Kf2 Rg8 26. Rg1 Rad8 27. Ke3 Rg5 28. Rf2 Rdg8 29. Be2 Rc8 30. c3 Kg7 31. Rd1 Kf8 32. Bf3 Ke7 33. Rfd2 Rgg8 34. Rd6 Rc7 35. R1d2 Rgc8 36. Ke2 Rc5 37. Kd1 Rg8 38. Kc2 Rc7 39. b3 Rgc8 40. R6d3 Rc6 41. Kb2 Rb6 42. Bd1 Rg8 43. b4 Rc6 44. Bb3 Bxb3 45. Kxb3 Rgc8 46. a4 R8c7 47. a5 a6 48. Rf2 Rc4 49. Rdf3 Ke8 50. Rxf7 Rxc3+ 51. Kb2 Rc2+ 52. Rxc2 Rxf7 53. Kc3 Kd7 54. Kd3 Rf1 55. b5 axb5 56. Rc5 Rb1 57. Rxe5 Kc6 58. Rh5 Ra1 59. Rxh7 Rxa5 60. g4 b4 61. Rh6+ Kc7 62. Rh5 b5 63. Kc2 Kc6 64. g5 Kc5 65. g6+ Kc4 66. Rg5 Ra2+ 67. Kb1 b3 68. g7 Re2 1-0